No Mercurius aquaticus, but a cable-rope, double twisted for Iohn Tayler, the water-poet; who escaping drowning in a paper-wherry-voyage, is reserved for another day, as followeth. Viz. This embleme here, expresseth to the full what shall betide our city water-gull; who (leaving poesie, pamphlets, wine, and whores) must be truss'd laureatte on his proper oares, with his own tackling; therefore it is meet, the sayle stand by, to be his winding-sheet; I'me sure, hee must passe thus o're Charons ferry, unlesse some boyst'rous wind o're-turn the wherry. By John Booker.

Bibliographic Details
Main Author: Booker, John, 1603-1667
Format: eBook
Language:English
Published: [London] : Printed according to order for G. B., July 19, 1644.
Series:Early English books online.
Subjects:
Online Access:Connect to the full text of this electronic book

MARC

Tag First Indicator Second Indicator Subfields
LEADER 00000nam a2200000 4500
001 in00004285521
005 20200813083534.0
006 m g d
007 cr bn |||a|bb|
008 850401s1644 enk o 00| | eng d
035 |a (UnM)99872040 
037 |a CL0051000001  |b ProQuest Information and Learning. 300 N. Zeeb Rd., Ann Arbor, MI 48106 
040 |a Cu-RivES  |c Cu-RivES  |d CStRLIN  |e dcrb  |d WaOLN 
100 1 |a Booker, John,  |d 1603-1667. 
245 0 0 |a No Mercurius aquaticus, but a cable-rope, double twisted for Iohn Tayler, the water-poet;  |b who escaping drowning in a paper-wherry-voyage, is reserved for another day, as followeth. Viz. This embleme here, expresseth to the full what shall betide our city water-gull; who (leaving poesie, pamphlets, wine, and whores) must be truss'd laureatte on his proper oares, with his own tackling; therefore it is meet, the sayle stand by, to be his winding-sheet; I'me sure, hee must passe thus o're Charons ferry, unlesse some boyst'rous wind o're-turn the wherry. By John Booker. 
260 |a [London] :  |b Printed according to order for G. B.,  |c July 19, 1644. 
300 |a 1 online resource (8 pages) 
336 |a text  |b txt  |2 rdacontent 
337 |a computer  |b c  |2 rdamedia 
338 |a online resource  |b cr  |2 rdacarrier 
500 |a An answer to John Taylor's "Mercurius aquaticus" of 18 January 1644. 
500 |a With a title-page woodcut. 
500 |a Reproduction of the original in the British Library. 
510 4 |a Wing (2nd edition, 1994)  |c B3729. 
510 4 |a Thomason  |c E.2[22]. 
533 |a Electronic reproduction.  |b Ann Arbor, Mich. :  |c UMI,  |d 1999-  |f (Early English books online)  |n Digital version of: (Thomason Tracts ; 1:E2[22])  |7 s1999 miun s 
600 1 0 |a Taylor, John,  |d 1580-1653.  |t Mercurius aquaticus. 
830 0 |a Early English books online. 
856 4 0 |u http://proxy.library.tamu.edu/login?url=https://search.proquest.com/docview/2240946684  |z Connect to the full text of this electronic book  |t 0 
999 f f |s 7bb4097f-874f-3019-a068-74353cebd968  |i 8829c730-581a-31a4-81e0-215848813940  |t 0 
952 f f |a Texas A&M University  |b College Station  |c Electronic Resources  |d Available Online  |t 0  |h No information provided 
998 f f |t 0  |l Available Online